Представление документа в формате MARC21

Поле Инд. ПП Название Значение
Тип записи a
Библиографический уровень b
001 Контрольный номер RU/IS/BASE/264552789
005 Дата корректировки 20200522190613.9
008 Кодируемые данные 19951102
084 a Индекс другой классификации/Индекс ББК 67.405(2Рос)
097 00 a 700
100 10 a Автор Иванов С. А.
245 00 a Заглавие Трудовое право переходного периода: проблемы использования зарубежного опыта
650 a Основная рубрика право
a Основная рубрика трудовое право
653 00 a Ключевые слова переходная экономика
a Ключевые слова Россия
773 00 t Заглавие источника Государство и право
d Дата издания источника 1995
g Прочая информация № 3. - С. 30 - 39
w Контрольный № источника RU/IS/BASE/149279639
901 t Тип документа b